[Event "European Blitz 2022"]
[Site "Katowice POL"]
[Date "2022.12.16"]
[Round "19.39"]
[White "Vedrickas, Tautvydas"]
[Black "Abdrlauf, Elham"]
[Result "0-1"]
[WhiteTitle "FM"]
[BlackTitle "IM"]
[WhiteElo "2358"]
[BlackElo "2518"]
[WhiteFideId "12802654"]
[BlackFideId "1533533"]
[EventDate "2022.12.16"]

1. d4 Nf6 2. c4 e6 3. Nc3 d5 4. cxd5 exd5 5. Bg5 c6 6. e3 Bd6 7. Bd3 O-O 8. Qc2
h6 9. Bh4 Re8 10. Nge2 a5 11. O-O Bxh2+ 12. Kh1 Bd6 13. Rae1 Na6 14. a3 Nc7 15.
Qd2 Ne4 16. Bxd8 Nxd2 17. Bxc7 Bxc7 18. Rg1 f5 19. Nf4 Ne4 20. Rgf1 Bd7 21. Rc1
Bd6 22. Rc2 Re7 23. Na4 Be8 24. Rfc1 Bf7 25. Kg1 Rae8 26. Nc5 Nxc5 27. dxc5 Bxf4
28. exf4 Re1+ 29. Kh2 g6 30. b4 axb4 31. axb4 d4 32. Rxe1 Rxe1 33. Rb2 Rd1 34.
Be2 Ra1 35. Rd2 Ra2 36. Rxa2 Bxa2 37. Bd3 Kf7 38. Kg1 Ke6 39. Kf1 Kd5 40. Ke1
Bc4 41. Kd2 Bxd3 42. Kxd3 g5 43. fxg5 hxg5 44. f3 f4 0-1

[Event "European Blitz 2022"]
[Site "Katowice POL"]
[Date "2022.12.16"]
[Round "19.40"]
[White "Tregubov, Pavel V."]
[Black "Luczak, Filip"]
[Result "0-1"]
[WhiteTitle "GM"]
[BlackTitle "FM"]
[WhiteElo "2553"]
[BlackElo "2326"]
[WhiteFideId "4115341"]
[BlackFideId "1193686"]
[EventDate "2022.12.16"]

1. e4 g6 2. d4 Bg7 3. Nc3 c5 4. d5 d6 5. h3 a6 6. a4 Nd7 7. Nf3 Ne5 8. Nxe5 Bxe5
9. Bc4 Nf6 10. Bh6 Qb6 11. Rb1 Qb4 12. Qd3 Nxe4 13. O-O Nxc3 14. bxc3 Qxa4 15.
Rfe1 Bf5 16. Qf1 Qd7 17. Re2 b5 18. Bd3 c4 19. Bxf5 Qxf5 20. Qe1 g5 21. Qd2 Rg8
22. h4 gxh4 23. Rbe1 Qg6 24. f3 h3 25. g4 f5 26. Rxe5 dxe5 27. Rxe5 fxg4 28. Bg5
Ra7 29. d6 gxf3 30. Qd4 0-1

[Event "European Blitz 2022"]
[Site "Katowice POL"]
[Date "2022.12.16"]
[Round "19.41"]
[White "Nasuta, Grzegorz"]
[Black "Rudzinska, Michalina"]
[Result "1-0"]
[WhiteTitle "GM"]
[BlackTitle "WFM"]
[WhiteElo "2546"]
[BlackElo "2256"]
[WhiteFideId "1141686"]
[BlackFideId "1172883"]
[EventDate "2022.12.16"]

1. e4 c6 2. d4 d5 3. Nc3 dxe4 4. Nxe4 Nf6 5. Nxf6+ exf6 6. c3 Bd6 7. Bd3 O-O 8.
Ne2 Re8 9. O-O Nd7 10. Qc2 Nf8 11. Ng3 g6 12. Bd2 Be6 13. Rad1 f5 14. c4 Rc8 15.
Bc3 Bb8 16. b3 Qh4 17. Rfe1 f4 18. Ne4 f3 19. g3 Qh3 20. Bf1 Qf5 21. d5 Nd7 22.
dxe6 Rxe6 23. Rxd7 Rxe4 24. Qxe4 Qxd7 25. Qxf3 1-0

[Event "European Blitz 2022"]
[Site "Katowice POL"]
[Date "2022.12.16"]
[Round "19.42"]
[White "Karas, Marek"]
[Black "Subelj, Jan"]
[Result "0-1"]
[WhiteTitle "FM"]
[BlackTitle "IM"]
[WhiteElo "2240"]
[BlackElo "2492"]
[WhiteFideId "14928558"]
[BlackFideId "14618583"]
[EventDate "2022.12.16"]

1. e3 e5 2. d4 e4 3. c4 Nf6 4. Nc3 Bb4 5. Bd2 Qe7 6. a3 Bxc3 7. Bxc3 d5 8. cxd5
Nxd5 9. Bc4 Nxc3 10. bxc3 O-O 11. Ne2 c5 12. Nf4 Nc6 13. O-O Na5 14. Ba2 b6 15.
Qh5 Ba6 16. Rfd1 c4 17. Nd5 Qd6 18. Nb4 Bb7 19. d5 Rfe8 20. Rd4 Rac8 21. Rad1
Nb3 22. Bxb3 cxb3 23. Qe2 a5 24. Nc6 Bxc6 25. dxc6 Qxa3 26. Qb5 b2 27. h3 Qxc3
28. Qxb6 a4 29. Rd8 Rcxd8 30. Rxd8 b1=Q+ 31. Kh2 Qe5+ 0-1

[Event "European Blitz 2022"]
[Site "Katowice POL"]
[Date "2022.12.16"]
[Round "19.43"]
[White "Grabarczyk, Miroslaw"]
[Black "Uruci, Endrit"]
[Result "1-0"]
[WhiteTitle "GM"]
[BlackTitle "FM"]
[WhiteElo "2337"]
[BlackElo "2297"]
[WhiteFideId "1101684"]
[BlackFideId "22100199"]
[EventDate "2022.12.16"]

1. d4 Nf6 2. c4 e5 3. dxe5 Ng4 4. Bf4 Nc6 5. Nf3 Bb4+ 6. Nbd2 Qe7 7. e3 Ngxe5 8.
Nxe5 Nxe5 9. Be2 O-O 10. O-O d6 11. Nb3 Ng6 12. Bg3 b6 13. a3 Bc5 14. Nxc5 bxc5
15. b4 Qg5 16. Qd5 Qxd5 17. cxd5 cxb4 18. axb4 Bb7 19. Rfc1 Rfc8 20. Bg4 Rd8 21.
Rxc7 Bxd5 22. Raxa7 Rab8 23. e4 Rxb4 24. f3 Rb1+ 25. Kf2 Rb2+ 26. Ke3 Ba2 27.
Bxd6 Rxd6 28. Rc8+ Nf8 29. Raa8 g6 30. Rxf8+ Kg7 31. Rfd8 Rxd8 32. Rxd8 Rxg2 33.
h3 h5 34. Bc8 h4 35. Bg4 Bc4 36. Rd1 Rh2 37. Kf4 Be2 38. Rd2 Rg2 39. Rd6 Rg3 40.
e5 Bf1 41. Kg5 Rg1 42. Kxh4 Kh6 43. f4 Bc4 44. Rf6 Kg7 45. Rc6 Bd5 46. Rd6 Bc4
47. Rc6 Bd5 48. Rd6 Bb3 49. Bc8 Kh6 50. Bg4 Rg2 51. Rd3 Bc4 52. Rg3 Rf2 53. Rf3
Rg2 54. Rg3 Rf2 55. Rf3 Rg2 56. Rg3 Rf2 57. Rf3 Rg2 58. Rc3 Bd5 59. Rd3 Bc4 60.
Rc3 Ba2 61. Rg3 Rf2 62. Ra3 Rg2 63. Rg3 Rf2 64. Rf3 Rg2 65. Rd3 Bc4 66. Rd1 Bb3
67. Rd6 Bc4 68. f5 Be6 69. fxg6 Bxg4 70. gxf7+ Kg7 71. hxg4 Kxf7 72. Kg5 Re2 1-0

[Event "European Blitz 2022"]
[Site "Katowice POL"]
[Date "2022.12.16"]
[Round "19.44"]
[White "Thorfinnsson, Bjorn"]
[Black "Sliwicka, Alicja"]
[Result "1-0"]
[WhiteTitle "IM"]
[BlackTitle "WIM"]
[WhiteElo "2374"]
[BlackElo "2284"]
[WhiteFideId "2300982"]
[BlackFideId "1150677"]
[EventDate "2022.12.16"]

1. d4 Nf6 2. Nf3 c5 3. c3 d5 4. Bg5 Ne4 5. Bf4 Nc6 6. e3 g6 7. Nbd2 Nxd2 8. Qxd2
cxd4 9. exd4 Bg7 10. Bd3 O-O 11. O-O Bg4 12. Ne1 Qd7 13. Nc2 Bf5 14. Rfe1 Rae8
15. Bg3 h5 16. h3 Kh7 17. Ne3 Be4 18. Bxe4 dxe4 19. d5 f5 20. Bf4 e5 21. Bg5 Nd8
22. Bxd8 Rxd8 23. Rad1 Bh6 24. Qe2 f4 25. Nc2 e3 26. f3 g5 27. Qd3+ Kg7 28. Qe4
Rde8 29. d6 g4 30. hxg4 hxg4 31. fxg4 f3 32. gxf3 Rf4 33. Qd5 e4 34. Nxe3 exf3
35. Nf5+ Kh7 36. Re7+ Rxe7 37. dxe7 Rxg4+ 38. Kf2 Qe8 39. Rh1 Rg6 40. Kxf3 Rf6
41. Rxh6+ Rxh6 42. Nxh6 Kxh6 43. Qxb7 Kg6 44. Qxa7 Kf7 45. Qd4 Qc6+ 46. Qe4 Qe8
47. Qf5+ 1-0

[Event "European Blitz 2022"]
[Site "Katowice POL"]
[Date "2022.12.16"]
[Round "19.45"]
[White "Raczek, Krzysztof"]
[Black "Jarmula, Lukasz"]
[Result "0-1"]
[BlackTitle "GM"]
[WhiteElo "2161"]
[BlackElo "2469"]
[WhiteFideId "21005303"]
[BlackFideId "1160664"]
[EventDate "2022.12.16"]

1. c4 b6 2. Nf3 Bb7 3. g3 c5 4. Bg2 g6 5. O-O Bg7 6. Nc3 Nf6 7. b3 O-O 8. Bb2 d6
9. Rc1 e5 10. d3 Nc6 11. Nd2 Qd7 12. Nde4 Nxe4 13. dxe4 Ne7 14. Qd2 Rad8 15.
Rcd1 a6 16. e3 b5 17. Qd3 b4 18. Nd5 Bxd5 19. cxd5 a5 20. Rfe1 a4 21. Bf1 Ra8
22. Qb5 Qc7 23. Bh3 Rfd8 24. Rc1 Rab8 25. Qxa4 Qb7 26. Bf1 f5 27. f3 Bh6 28. Rc2
Rf8 29. Qa6 Qc7 30. Qd3 Ra8 31. Ba1 fxe4 32. Qxe4 Nf5 33. Bc4 Rae8 34. Kg2 Bg7
35. Bb5 Re7 36. Qxb4 cxb4 37. Rxc7 Rxc7 38. Bc4 Ra8 39. Re2 Rxc4 40. bxc4 b3 41.
g4 Ne7 42. c5 dxc5 43. d6 Nc6 44. Rf2 Rxa2 45. Bc3 Rc2 46. Ba1 Rxf2+ 47. Kxf2
Kf7 48. e4 Ke6 0-1

[Event "European Blitz 2022"]
[Site "Katowice POL"]
[Date "2022.12.16"]
[Round "19.46"]
[White "Zochowski, Kacper"]
[Black "Kjartansson, Gudmundur"]
[Result "1/2-1/2"]
[WhiteTitle "FM"]
[BlackTitle "GM"]
[WhiteElo "2256"]
[BlackElo "2453"]
[WhiteFideId "1125494"]
[BlackFideId "2301318"]
[EventDate "2022.12.16"]

1. Nf3 d5 2. c4 e6 3. g3 Nf6 4. Bg2 Be7 5. O-O O-O 6. b3 c5 7. Bb2 Nc6 8. e3 d4
9. exd4 cxd4 10. Re1 Re8 11. a3 a5 12. d3 Bc5 13. Ne5 Nxe5 14. Rxe5 Nd7 15. Re1
e5 16. Nd2 Ra6 17. Rb1 h6 18. Bc1 Rb6 19. Ne4 Bf8 20. Qc2 f5 21. Nd2 Bc5 22. Nf3
Kh7 23. Bd2 Rbe6 24. b4 axb4 25. axb4 Bf8 26. c5 g6 27. Bc1 Bg7 28. Nd2 Nf6 29.
Nc4 e4 30. dxe4 fxe4 31. Bb2 Ng4 32. h3 Nf6 33. Nd6 Rxd6 34. cxd6 Qxd6 35. Rbd1
d3 36. Qc5 Qd8 37. Bxf6 Bxf6 38. Rxe4 Bf5 39. Rxe8 Qxe8 40. Qe3 Qa4 41. Rxd3
Bxd3 42. Qxd3 Qxb4 43. Qd7+ Qe7 44. Qc8 b6 45. Bd5 Qg7 46. Qe6 Bd4 47. Kg2 Bc5
48. h4 Qf8 49. f4 Qg7 50. Be4 h5 51. f5 gxf5 52. Qxf5+ Kh8 53. Qxh5+ Kg8 54.
Qe8+ Qf8 55. Bd5+ Kg7 56. Qd7+ Kf6 57. Qe6+ Kg7 58. Qg4+ Kf6 59. Qf4+ Kg7 60.
Qg5+ Kh7 61. Be4+ Kh8 62. Bf5 Qa8+ 63. Kh2 Qa2+ 64. Kh3 Qf7 65. h5 Bf8 66. h6
Be7 67. Qf4 Qf8 68. Qe5+ Qf6 69. Qb8+ Bf8 70. Qf4 Qxh6+ 71. Qxh6+ Bxh6 1/2-1/2

[Event "European Blitz 2022"]
[Site "Katowice POL"]
[Date "2022.12.16"]
[Round "19.47"]
[White "Gunnarsson, Arnar"]
[Black "Hulka, Valentyn"]
[Result "0-1"]
[WhiteTitle "IM"]
[BlackTitle "CM"]
[WhiteElo "2406"]
[BlackElo "2222"]
[WhiteFideId "2300915"]
[BlackFideId "34107061"]
[EventDate "2022.12.16"]

1. c4 e5 2. Nc3 Nf6 3. Nf3 Nc6 4. e3 d5 5. cxd5 Nxd5 6. Bb5 Nxc3 7. bxc3 Bd6 8.
d4 exd4 9. cxd4 O-O 10. h3 a6 11. Bd3 Re8 12. O-O Qf6 13. Rb1 Rb8 14. Bb2 Nb4
15. Bc4 Bf5 16. Rc1 b5 17. Bb3 Nd3 18. Rb1 Nxb2 19. Rxb2 c5 20. Bc2 c4 21. Bxf5
Qxf5 22. Qc2 Qd5 23. Re1 f5 24. Rbb1 Re7 25. Qd2 b4 26. Qc2 Rc7 27. Nd2 c3 28.
Nb3 a5 29. Nc1 f4 30. exf4 Qxd4 31. g3 Kh8 32. Nb3 Qb6 33. Rbd1 Rcc8 34. Nd4 Bc5
35. Ne6 Re8 36. Ng5 Qg6 37. Qb3 h6 38. Nf7+ Kh7 39. Ne5 Qxg3+ 40. Kh1 Qxh3+ 41.
Kg1 Qg3+ 42. Kh1 Qh4+ 43. Kg2 Qxf2+ 44. Kh3 Rbd8 45. Rxd8 Rxd8 46. Qe6 0-1

[Event "European Blitz 2022"]
[Site "Katowice POL"]
[Date "2022.12.16"]
[Round "19.48"]
[White "Sowinski, Pawel"]
[Black "Larkin, Vladyslav"]
[Result "0-1"]
[BlackTitle "IM"]
[WhiteElo "2064"]
[BlackElo "2452"]
[WhiteFideId "21881979"]
[BlackFideId "14152894"]
[EventDate "2022.12.16"]

1. c4 e5 2. Nc3 Nc6 3. Nf3 Nf6 4. e4 Bb4 5. d3 d6 6. a3 Bxc3+ 7. bxc3 O-O 8. g3
Nd7 9. Bg2 Nc5 10. O-O f5 11. exf5 Bxf5 12. d4 Ne4 13. dxe5 dxe5 14. Qd5+ Kh8
15. Bb2 Qf6 16. Nh4 Rad8 17. Qb5 Nd6 18. Qb3 Bd3 19. c5 Nc4 20. Rae1 Nd2 21.
Qxb7 Bxf1 22. Rxf1 Nxf1 23. f4 Rb8 24. Qxc6 Qxc6 0-1

[Event "European Blitz 2022"]
[Site "Katowice POL"]
[Date "2022.12.16"]
[Round "19.49"]
[White "Spalir, Jernej"]
[Black "Adamczewski, Maciej"]
[Result "0-1"]
[WhiteTitle "IM"]
[WhiteElo "2377"]
[BlackElo "2071"]
[WhiteFideId "14606518"]
[BlackFideId "1148702"]
[EventDate "2022.12.16"]

1. d4 Nf6 2. c4 g6 3. Nc3 Bg7 4. Nf3 O-O 5. g3 d6 6. Bg2 c5 7. O-O Nc6 8. d5 Na5
9. Nd2 a6 10. a4 Rb8 11. Qc2 Bd7 12. e4 b5 13. axb5 axb5 14. Re1 bxc4 15. Bf1
Ng4 16. Nxc4 Nb3 17. Ra2 Nxc1 18. Rxc1 Bd4 19. Nd1 Bb5 20. h3 Bxc4 21. Bxc4 Ne5
22. Be2 Qb6 23. Kg2 g5 24. Ne3 Bxe3 25. fxe3 Qb3 26. Qxb3 Rxb3 27. Kf2 Rfb8 28.
Rc2 R8b4 29. h4 h6 30. Ra8+ Kg7 31. Re8 Rxe4 32. hxg5 hxg5 33. Rc3 Rxb2 34. Ra3
Kf6 35. Kf1 Reb4 36. Ra7 Ng6 37. Bd3 Ne5 38. Be2 Rb7 39. Rxb7 Rxb7 40. Kf2 Rc7
41. Bd1 c4 42. Bc2 c3 43. Ra8 Rb7 44. Ra3 Rc7 45. Ke2 Rc5 46. e4 g4 47. Ke3 Nf3
48. Ra7 Ne1 49. Ra2 Rb5 50. Ke2 Nxc2 51. Rxc2 Rb2 52. Kd3 Rxc2 53. Kxc2 Ke5 0-1

[Event "European Blitz 2022"]
[Site "Katowice POL"]
[Date "2022.12.16"]
[Round "19.50"]
[White "Novotny, Michal"]
[Black "Gradalski, Olaf"]
[Result "1-0"]
[WhiteTitle "FM"]
[WhiteElo "2250"]
[BlackElo "2079"]
[WhiteFideId "310980"]
[BlackFideId "21840580"]
[EventDate "2022.12.16"]

1. e4 c6 2. d4 d5 3. e5 Bf5 4. Nf3 e6 5. Be2 Nd7 6. O-O Ne7 7. Nh4 h6 8. Nxf5
Nxf5 9. a4 c5 10. c4 Nxd4 11. cxd5 Nxe2+ 12. Qxe2 exd5 13. e6 Nf6 14. Qb5+ Ke7
15. Qxb7+ Kxe6 16. Re1+ Kd6 1-0

[Event "European Blitz 2022"]
[Site "Katowice POL"]
[Date "2022.12.16"]
[Round "19.51"]
[White "Dehtiarov, Roman"]
[Black "Haydon, David L"]
[Result "0-1"]
[WhiteTitle "FM"]
[BlackTitle "FM"]
[WhiteElo "2300"]
[BlackElo "2289"]
[WhiteFideId "14186640"]
[BlackFideId "415405"]
[EventDate "2022.12.16"]

1. e4 c6 2. Nc3 d5 3. Nf3 Bg4 4. h3 Bxf3 5. Qxf3 e6 6. d3 Bd6 7. Be2 Nf6 8. Bd2
Nbd7 9. d4 dxe4 10. Nxe4 Nxe4 11. Qxe4 Qc7 12. O-O Nf6 13. Qf3 h6 14. Rfe1 O-O-O
15. c3 c5 16. Be3 Kb8 17. Rac1 Nd5 18. Bc4 Nxe3 19. fxe3 Rhe8 20. a3 f5 21. b4
cxb4 22. cxb4 Qd7 23. Kh1 Bc7 24. Kg1 Qd6 25. Bb5 Rf8 26. Rc5 f4 27. Re5 fxe3
28. Qxe3 Bb6 29. Rxe6 Bxd4 30. Rxd6 Bxe3+ 31. Rxe3 Rxd6 32. Re7 g5 33. Be2 Rfd8
34. Bf3 R8d7 35. Re8+ Kc7 36. Rh8 Re7 37. Kh2 Rg7 38. Kg3 Rd3 39. a4 Ra3 40. b5
Rxa4 41. Rxh6 Rb4 42. Be2 Re7 43. Bf1 Rf4 44. Bd3 Re3+ 0-1

[Event "European Blitz 2022"]
[Site "Katowice POL"]
[Date "2022.12.16"]
[Round "19.52"]
[White "Przybylski, Wojciech"]
[Black "Hjartarson, Johann"]
[Result "0-1"]
[WhiteTitle "FM"]
[BlackTitle "GM"]
[WhiteElo "2321"]
[BlackElo "2476"]
[WhiteFideId "1117599"]
[BlackFideId "2300044"]
[EventDate "2022.12.16"]

1. e4 c5 2. Nf3 e6 3. b3 b6 4. Bb2 Bb7 5. Qe2 Nc6 6. Nc3 Nf6 7. d3 d6 8. g3 Be7
9. Bg2 O-O 10. O-O Nd7 11. Nd1 Bf6 12. c3 b5 13. a3 a5 14. Ne3 b4 15. cxb4 axb4
16. a4 Na5 17. Qc2 Bxb2 18. Qxb2 Qf6 19. Rab1 Qxb2 20. Rxb2 Ne5 21. Nxe5 dxe5
22. Rc1 Rac8 23. f4 exf4 24. gxf4 Rfd8 25. Bf1 Ba6 26. Nc4 Bxc4 27. bxc4 Rd4 28.
Ra1 Rcd8 29. Kf2 f5 30. Ke3 Kf7 31. e5 h6 32. h4 Rg8 33. h5 Rd7 34. Rg2 g5 35.
hxg6+ Rxg6 36. Rxg6 Kxg6 37. Bg2 Kh7 38. Bf3 Rg7 39. Rb1 Rd7 40. Bg2 Rd8 41. Bf3
b3 42. Bd1 Rb8 43. Kd2 Rb4 44. Kc3 Rxa4 45. Bxb3 Ra3 46. Kc2 h5 47. Rg1 Rxb3 48.
Ra1 h4 49. Rxa5 Rb7 50. Ra1 Kh6 51. Rg1 0-1

[Event "European Blitz 2022"]
[Site "Katowice POL"]
[Date "2022.12.16"]
[Round "19.53"]
[White "Czernek, Tymon"]
[Black "Stefanova, Antoaneta"]
[Result "0-1"]
[WhiteTitle "FM"]
[BlackTitle "GM"]
[WhiteElo "2302"]
[BlackElo "2442"]
[WhiteFideId "1199510"]
[BlackFideId "2902257"]
[EventDate "2022.12.16"]

1. e4 e5 2. Nf3 Nc6 3. Bc4 Bc5 4. O-O Nf6 5. d3 d6 6. c3 a6 7. b4 Ba7 8. Nbd2
O-O 9. h3 Ne7 10. Re1 Ng6 11. Nf1 c6 12. Bb3 h6 13. d4 Re8 14. Ng3 d5 15. exd5
exd4 16. dxc6 dxc3 17. Rxe8+ Qxe8 18. Qc2 Kh7 19. c7 Bd7 20. Bf4 Bc6 21. Ne5 Bd5
22. Nxg6 fxg6 23. Qxc3 Bxb3 24. Qxb3 Rc8 25. Rd1 Bb6 26. Qc2 Qf7 27. Qb3 Qe7 28.
Re1 Qxe1+ 0-1

[Event "European Blitz 2022"]
[Site "Katowice POL"]
[Date "2022.12.16"]
[Round "19.54"]
[White "Kokol, Peter"]
[Black "Horvath, Dominik"]
[Result "0-1"]
[WhiteTitle "FM"]
[BlackTitle "IM"]
[WhiteElo "2347"]
[BlackElo "2502"]
[WhiteFideId "14604523"]
[BlackFideId "1642561"]
[EventDate "2022.12.16"]

1. e4 e5 2. Nc3 Nf6 3. Bc4 Nc6 4. d3 Na5 5. Bb3 Nxb3 6. axb3 d5 7. Nf3 d4 8. Ne2
Bd6 9. O-O O-O 10. Nxe5 Bxe5 11. f4 Bd6 12. e5 Bc5 13. exf6 Qxf6 14. Ng3 Bf5 15.
Qh5 g6 16. Qh6 Rfe8 17. Nh5 Qh8 18. Ra5 b6 19. Rxc5 bxc5 20. Ng3 Qg7 21. Nxf5
gxf5 22. Qh5 Qg6 23. Qf3 c6 24. Bd2 Re6 25. Be1 Rae8 26. Bf2 Qg4 27. Qxg4+ fxg4
28. Ra1 Re2 29. Rxa7 Rxc2 0-1

[Event "European Blitz 2022"]
[Site "Katowice POL"]
[Date "2022.12.16"]
[Round "19.55"]
[White "Petrovskyi, Vadym"]
[Black "Suder, Jakub"]
[Result "0-1"]
[WhiteTitle "FM"]
[BlackTitle "FM"]
[WhiteElo "2402"]
[BlackElo "2244"]
[WhiteFideId "14165210"]
[BlackFideId "1195310"]
[EventDate "2022.12.16"]

1. e4 c5 2. Nf3 e6 3. d4 cxd4 4. Nxd4 Nc6 5. Nxc6 bxc6 6. Bd3 Nf6 7. c4 e5 8.
Be3 Bb4+ 9. Nc3 d6 10. O-O Bxc3 11. bxc3 O-O 12. h3 Nd7 13. Qd2 Qe7 14. Rad1 Nb6
15. f4 Ba6 16. c5 Bxd3 17. cxd6 Qxd6 18. fxe5 Qxe5 19. Qxd3 Qe6 20. Bd4 Rfe8 21.
Qg3 Qg6 22. Qxg6 hxg6 23. Rfe1 Nc4 24. Kf2 a5 25. Re2 a4 26. Rb1 Rab8 27. Rxb8
Rxb8 28. e5 Re8 29. Kf3 Re6 30. g4 Kf8 31. g5 Ke8 32. Ke4 f6 33. Kd3 Nxe5+ 34.
Bxe5 fxe5 35. Ke4 Rd6 36. Rb2 Ke7 37. Rb7+ Rd7 38. Rxd7+ Kxd7 39. Kxe5 Ke7 40.
a3 Kd7 41. h4 Ke7 42. Kd4 Kd6 43. Kc4 c5 44. Kb5 Kd5 45. Kxa4 Kc4 46. Ka5 Kxc3
47. Kb5 c4 48. a4 Kd4 49. a5 c3 50. a6 c2 51. a7 c1=Q 52. a8=Q Qb1+ 53. Ka6 Qa2+
54. Kb7 Qxa8+ 0-1

[Event "European Blitz 2022"]
[Site "Katowice POL"]
[Date "2022.12.16"]
[Round "19.56"]
[White "Kracht, Raphael"]
[Black "Asllani, Muhamet"]
[Result "1-0"]
[WhiteElo "2124"]
[BlackElo "2228"]
[WhiteFideId "16214382"]
[BlackFideId "22100300"]
[EventDate "2022.12.16"]

1. e4 d5 2. exd5 c6 3. dxc6 Nxc6 4. Bc4 e5 5. d3 Nf6 6. Nf3 Bc5 7. Nc3 O-O 8. h3
h6 9. O-O a6 10. a4 Bf5 11. Nd2 Nd4 12. Nde4 Ba7 13. Nxf6+ Qxf6 14. Ne4 Qe7 15.
c3 Ne6 16. Qe2 Nf4 17. Bxf4 exf4 18. Qf3 Qc7 19. Rfe1 Rad8 20. a5 Rfe8 21. b4
Re7 22. Nd2 Rxe1+ 23. Rxe1 Bxd3 24. Bxd3 Qd6 25. Ne4 Qxd3 26. Qxf4 Kf8 27. Kh1
Re8 28. f3 Bb8 29. Qf5 Qxc3 30. h4 1-0

[Event "European Blitz 2022"]
[Site "Katowice POL"]
[Date "2022.12.16"]
[Round "19.57"]
[White "Paehtz, Thomas"]
[Black "Wisniewski, Michal"]
[Result "0-1"]
[WhiteTitle "GM"]
[BlackTitle "FM"]
[WhiteElo "2339"]
[BlackElo "2168"]
[WhiteFideId "4611349"]
[BlackFideId "1159682"]
[EventDate "2022.12.16"]

1. e4 Nf6 2. e5 Nd5 3. Nf3 d6 4. d4 g6 5. h3 Bg7 6. Bc4 Nb6 7. Bb3 O-O 8. O-O c5
9. c3 Nc6 10. Bf4 Bf5 11. exd6 exd6 12. Re1 cxd4 13. cxd4 d5 14. Nc3 Nc4 15.
Bxc4 dxc4 16. d5 Nb4 17. Be5 Nc2 18. Bxg7 Kxg7 19. Nd4 Nxe1 20. Nxf5+ gxf5 21.
Qxe1 Re8 22. Qd2 Qh4 23. Rd1 Rad8 24. Nb5 a6 25. Qc3+ Qf6 26. Qg3+ Kh8 27. Nd6
Rxd6 0-1

[Event "European Blitz 2022"]
[Site "Katowice POL"]
[Date "2022.12.16"]
[Round "19.58"]
[White "Voege, Tobias"]
[Black "Zawadzka, Jolanta"]
[Result "1-0"]
[WhiteTitle "FM"]
[BlackTitle "WGM"]
[WhiteElo "2300"]
[BlackElo "2386"]
[WhiteFideId "1270513"]
[BlackFideId "1122320"]
[EventDate "2022.12.16"]

1. d4 d5 2. c4 e6 3. Nc3 a6 4. cxd5 exd5 5. Nf3 Nf6 6. Bg5 Be6 7. e3 h6 8. Bh4
Nbd7 9. Bd3 g5 10. Bg3 Nh5 11. Rc1 Nxg3 12. hxg3 Bg7 13. Nd2 f5 14. Qh5+ Bf7 15.
Qf3 Be6 16. Bxf5 Qf6 17. Qh5+ Ke7 18. Bxe6 Qxe6 19. Qe2 Rae8 20. Nb3 Kd8 21. Na4
Rhf8 22. Nac5 Nxc5 23. Nxc5 Qb6 24. Qg4 Rf7 25. O-O Rfe7 26. Rc3 Bf8 27. Rb3 1-0

[Event "European Blitz 2022"]
[Site "Katowice POL"]
[Date "2022.12.16"]
[Round "19.59"]
[White "Pidluznij, Gleb"]
[Black "Dobrovoljc, Vid"]
[Result "0-1"]
[BlackTitle "FM"]
[WhiteElo "2159"]
[BlackElo "2384"]
[WhiteFideId "12817082"]
[BlackFideId "14609843"]
[EventDate "2022.12.16"]

1. d4 Nf6 2. Bg5 e6 3. e4 h6 4. Bxf6 Qxf6 5. c3 d6 6. Bd3 Nc6 7. Ne2 e5 8. O-O
Qd8 9. Nd2 Be7 10. f4 O-O 11. Nf3 Bf6 12. fxe5 dxe5 13. d5 Nb8 14. h3 c6 15. c4
Nd7 16. Kh1 a5 17. Ng3 g6 18. Qd2 Bg7 19. b3 Nc5 20. Bc2 cxd5 21. cxd5 b5 22.
Rac1 Qd6 23. Rfe1 Bd7 24. Bb1 Rfc8 25. Qe3 Na6 26. Rxc8+ Rxc8 27. Rc1 Rxc1+ 28.
Qxc1 Qc5 29. Qxc5 Nxc5 30. Kg1 f6 31. Kf1 b4 32. Nd2 Bb5+ 33. Ke1 h5 34. Ne2 a4
35. Nc1 Bh6 36. Kd1 Kf7 37. Bc2 a3 38. Ne2 Be3 39. Nf3 g5 40. Nd2 g4 41. hxg4
hxg4 42. Nf1 Bg5 43. Nd2 Kg6 44. Ng3 Nd3 45. Nf5 Nf2+ 46. Ke1 Nd3+ 47. Kd1 Nf2+
48. Ke1 Nd3+ 49. Kd1 0-1

[Event "European Blitz 2022"]
[Site "Katowice POL"]
[Date "2022.12.16"]
[Round "19.60"]
[White "Jonsson, Gauti Pall"]
[Black "Maltsevskaya, Aleksandra"]
[Result "1/2-1/2"]
[BlackTitle "IM"]
[WhiteElo "2045"]
[BlackElo "2400"]
[WhiteFideId "2309092"]
[BlackFideId "24174041"]
[EventDate "2022.12.16"]

1. e4 c5 2. Be2 Nc6 3. f4 e6 4. Nf3 d5 5. d3 Nf6 6. Nc3 b6 7. O-O Bb7 8. e5 Nd7
9. f5 Ndxe5 10. fxe6 f6 11. Nxe5 Nxe5 12. Bf4 Bd6 13. Bf3 Nxf3+ 14. Qxf3 Bxf4
15. Qxf4 O-O 16. Rae1 Re8 17. Nb5 Re7 18. Nd6 Bc8 19. Nf7 Qf8 20. Qd6 Bxe6 21.
Nh6+ gxh6 22. Rxe6 Rxe6 23. Qxe6+ Qf7 24. Qg4+ Kh8 25. Qh4 Rf8 26. Qxh6 Qe7 27.
Qf4 Kg8 28. h3 Kh8 29. Rf3 a5 30. Kh2 d4 31. Qf5 Qg7 32. Rg3 Qc7 33. h4 Qd6 34.
Kh3 Rg8 35. Rxg8+ Kxg8 36. Qg4+ Kf8 37. Qg3 Qe6+ 38. Kh2 Kf7 39. Qc7+ Kg6 40.
Qg3+ Kh6 41. Qf4+ Kg7 42. Qg3+ Kf8 43. Qb8+ Kf7 44. Qc7+ Qe7 45. Qxe7+ Kxe7 46.
Kg3 f5 47. a4 Ke6 48. Kf4 Kf6 49. h5 h6 50. b3 Ke6 51. Kg3 Ke5 52. Kf3 Ke6 53.
Kg3 Ke5 54. Kf3 Ke6 55. Kg3 Kf7 56. Kf3 Kf6 57. Kf4 Ke6 58. Kf3 Kd5 59. Kf4 Ke6
60. Kf3 Ke5 61. Kg3 Ke6 62. Kf3 Kf6 63. Kf4 Ke6 64. Kf3 Ke5 65. Kg3 Ke6 1/2-1/2

[Event "European Blitz 2022"]
[Site "Katowice POL"]
[Date "2022.12.16"]
[Round "19.61"]
[White "Kolesnikovs, Ivans"]
[Black "Cukrowski, Filip"]
[Result "1-0"]
[BlackTitle "FM"]
[WhiteElo "2052"]
[BlackElo "2402"]
[WhiteFideId "11602244"]
[BlackFideId "1171097"]
[EventDate "2022.12.16"]

1. d4 Nf6 2. c4 e6 3. Nf3 b6 4. g3 Ba6 5. Qc2 Bb7 6. Bg2 Bb4+ 7. Nbd2 O-O 8. O-O
Bxd2 9. Bxd2 d6 10. Rfe1 Be4 11. Qc3 Nbd7 12. Qe3 h6 13. h3 Re8 14. Bc3 Qe7 15.
Rad1 Rad8 16. a3 Nf8 17. Nd2 Bxg2 18. Kxg2 Ng6 19. f4 d5 20. Qf3 Qd7 21. e4 dxe4
22. Nxe4 Nxe4 23. Qxe4 Ne7 24. Qe5 Ng6 25. Qe4 Ne7 26. g4 Nc8 27. d5 exd5 28.
Rxd5 Rxe4 29. Rxd7 Rxd7 30. Rxe4 Nd6 31. Rd4 Kf8 32. b3 Ke7 33. Kf3 c5 34. Rd5
f6 35. g5 Ne8 36. gxf6+ gxf6 37. Rxd7+ Kxd7 38. Kg4 Ke6 39. f5+ Kf7 40. Bd2 Nd6
41. Bxh6 Nb7 42. Bd2 Nd6 43. h4 Ne4 44. Be3 Nc3 45. h5 Nb1 46. Bc1 Nc3 47. h6
Ne4 48. Be3 Nc3 49. Bf4 a6 50. Kf3 b5 51. Ke3 bxc4 52. bxc4 Nb1 53. Kd3 a5 54.
Be3 Nxa3 55. Kc3 a4 56. Bxc5 Nb1+ 57. Kc2 1-0